Central Library OPAC University of Rajshahi

Kim Il Sung : (Record no. 25739)

MARC details
000 -LEADER
fixed length control field 00961nam a22002412i 4500
001 - CONTROL NUMBER
control field 25739
003 - CONTROL NUMBER IDENTIFIER
rucl marc code BD-RjUL
005 - DATE AND TIME OF LATEST TRANSACTION
control field 20211209050924.0
008 - FIXED-LENGTH DATA ELEMENTS--GENERAL INFORMATION
fixed length control field 140319s1969 ja abcf 000 0beng d
035 ## - SYSTEM CONTROL NUMBER
System control number (BD-RjUL)25809
040 ## - CATALOGING SOURCE
Original cataloging agency UBY
Transcribing agency UBY
Modifying agency MIA
-- EQO
-- BD-RjUL
Language of cataloging eng
041 1# - LANGUAGE CODE
Language code of text/sound track or separate title engkor
082 ## - DEWEY DECIMAL CLASSIFICATION NUMBER
Classification number 951.93040924
Author mark and year BOK V-1 1969
090 ## - LOCALLY ASSIGNED LC-TYPE CALL NUMBER (OCLC); LOCAL CALL NUMBER (OCLC)
Classification number (OCLC) (R) ; Classification number, CALL (RLIN) (NR) DS934.K5
Local cutter number (OCLC) ; Book number/undivided call number, CALL (RLIN) P2731x
100 1# - MAIN ENTRY--PERSONAL NAME
Personal name Bong, Baik
9 (RLIN) 79067
245 00 - TITLE STATEMENT
Title Kim Il Sung :
Remainder of title biography /
Statement of responsibility, etc. Baik Bong
Number of part/section of a work Vol. I
Name of part/section of a work From birth to triumphant return to homeland.
260 ## - PUBLICATION, DISTRIBUTION, ETC. (IMPRINT)
Place of publication, distribution, etc. Tokyo :
Name of publisher, distributor, etc. Miraisha,
Date of publication, distribution, etc. c1969.
300 ## - PHYSICAL DESCRIPTION
Pagination 3 v., [25] leaves of plates :
Illustrations ill., maps (some fold.), ports. ;
Size 22 cm
500 ## - GENERAL NOTE
General note Translation of Minjok ui taeyang Kim Il-song Changgun
505 0# - FORMATTED CONTENTS NOTE
Formatted contents note 1. From birth to triumphant return to homeland.--2. From building Democratic Korea to Chullima flight.--3. From independent national economy to 10-point political programme
600 10 - SUBJECT ADDED ENTRY--PERSONAL NAME
Personal name Kim, Il-sŏng,
Dates associated with a name 1912-1994.
942 ## - ADDED ENTRY ELEMENTS (KOHA)
Source of classification or shelving scheme Dewey Decimal Classification
Koha item type Books
Holdings
Lost status Source of classification or shelving scheme Damaged status Not for loan Collection code Permanent Location Current Location Shelving location Date acquired Source of acquisition Total Checkouts Full call number Date last seen Copy number Koha item type
  Dewey Decimal Classification   Added to bundle Non-fiction Central Library, University of Rajshahi Central Library, University of Rajshahi Reading Room 06/07/1970 Unknown   951.93040924 BOK V-1 1969 19/03/2014 C-1 Books
  Dewey Decimal Classification     Non-fiction Central Library, University of Rajshahi Central Library, University of Rajshahi   23/06/1987 Asia foundation   951.93040924 BOK V-1 1973 19/03/2014 C-2 Books
  Dewey Decimal Classification     Non-fiction Central Library, University of Rajshahi Central Library, University of Rajshahi   18/08/1991 Asia foundation   951.93040924 BOK V-1 1973 19/03/2014 C-3 Books